Remember everything you read! : (Record no. 126905)

MARC details
000 -LEADER
campo de control de longitud fija 00761 a2200229 4500
003 - IDENTIFICADOR DE NÚMERO DE CONTROL
campo de control BJBSDDR
005 - FECHA Y HORA DE LA ÚLTIMA TRANSACCIÓN
campo de control 20260423124746.0
007 - CAMPO FIJO DE DESCRIPCIÓN FÍSICA--INFORMACIÓN GENERAL
campo de control de longitud fija ta
008 - DATOS DE LONGITUD FIJA--INFORMACIÓN GENERAL
campo de control de longitud fija 260423b1994 nyu||||| |||| 00| 0 eng d
020 ## - NÚMERO INTERNACIONAL ESTÁNDAR DEL LIBRO
Número Internacional Estándar del Libro 9781566194020
020 ## - NÚMERO INTERNACIONAL ESTÁNDAR DEL LIBRO
Número Internacional Estándar del Libro 1566194024
040 ## - FUENTE DE CATALOGACIÓN
Lengua de catalogación eng
Centro/agencia transcriptor BJBSDDR
041 ## - CÓDIGO DE IDIOMA
Código de lengua del texto/banda sonora o título independiente eng
050 ## - SIGNATURA TOPOGRÁFICA DE LA BIBLIOTECA DEL CONGRESO
Número de ítem F834 1994
100 6# - ENTRADA PRINCIPAL--NOMBRE DE PERSONA
Nombre de persona Frank, Stanley D.
9 (RLIN) 48094
245 ## - MENCIÓN DEL TÍTULO
Título Remember everything you read! :
Resto del título the Evelyn Wood seven day speed reading and learning program /
Mención de responsabilidad, etc. Stanley D. Frank
260 ## - PUBLICACIÓN, DISTRIBUCIÓN, ETC.
Lugar de publicación, distribución, etc. New York ;
Nombre del editor, distribuidor, etc. Barnes & Noble Books :
Fecha de publicación, distribución, etc. 1994 .
300 ## - DESCRIPCIÓN FÍSICA
Extensión x, 212 pages :
Otras características físicas illustrations ;
Dimensiones 22 cm .
520 ## - RESUMEN, ETC.
Sumario, etc. Details the one-week course designed to increase reading speed and improve reading comprehension.
942 ## - ELEMENTOS DE ENTRADA SECUNDARIOS (KOHA)
Fuente del sistema de clasificación o colocación Clasificación de Library of Congress
Suprimir en OPAC No
Tipo de ítem Koha Libro
946 ## - PROCESAMIENTO DE INFORMACIÓN LOCAL (OCLC)
Iniciales del agente catalogador sba
Holdings
Estatus retirado Estado de pérdida Fuente del sistema de clasificación o colocación Estado de daño No para préstamo Colección Biblioteca de origen Biblioteca actual Ubicación en estantería Fecha de adquisición Signatura topográfica completa Código de barras Visto por última vez Copia número Tipo de ítem Koha
    Clasificación de Library of Congress     Automatización y Procesos Técnicos Biblioteca Juan Bosch Biblioteca Juan Bosch Automatización y Procesos Técnicos (1er. Piso) 23/04/2026 F834 1994 00000191748 23/04/2026 1 Libro